AN ASSESSMENT OF THE EFFECT OF BUSINESS INFORMATION SYSTEMS ON ORGANIZATIONAL PERFORMANCE (Record no. 215981)

MARC details
000 -LEADER
fixed length control field 00592nam a22001577a 4500
008 - FIXED-LENGTH DATA ELEMENTS--GENERAL INFORMATION
fixed length control field 250730b |||||||| |||| 00| 0 eng d
050 ## - LIBRARY OF CONGRESS CALL NUMBER
Classification number RES HD 30. 213 .O 34 2012
Item number 1
100 ## - MAIN ENTRY--PERSONAL NAME
Personal name OGETO, EMMA KWAMBOKA
245 ## - TITLE STATEMENT
Title AN ASSESSMENT OF THE EFFECT OF BUSINESS INFORMATION SYSTEMS ON ORGANIZATIONAL PERFORMANCE
Remainder of title :A CASE STUDY OF NYANKOBA TEA FACTORY
260 ## - PUBLICATION, DISTRIBUTION, ETC.
Place of publication, distribution, etc. KISII UNIVERSITY PRESS,
Name of publisher, distributor, etc. KISII UNIVERSITY PRESS,
Date of publication, distribution, etc. 2012,
300 ## - PHYSICAL DESCRIPTION
Extent XVI, 39P., ILL:
500 ## - GENERAL NOTE
General note INCLUDES BIBLIOGRAPHICAL REFERENCES
650 ## - SUBJECT ADDED ENTRY
Topical term or geographic name entry element Business information systems
942 ## - ADDED ENTRY ELEMENTS (KOHA)
Source of classification or shelving scheme Library of Congress Classification
Koha item type Reference
Holdings
Withdrawn status Lost status Source of classification or shelving scheme Damaged status Not for loan Collection Home library Current library Shelving location Date acquired Total checkouts Full call number Barcode Date last seen Copy number Price effective from Koha item type
    Library of Congress Classification   Not for loan Special Research Kisii University Library Kisii University Library On Display 07/30/2025   RES HD 30. 213 .O34 2012 000000020975 07/30/2025 C.1 07/30/2025 Reference